[Event "HUN-chT U18"]
[Site "Hajduboszormeny"]
[Date "2016.11.06"]
[Round "8.11"]
[White "Borhy, Marcell Boldizsar"]
[Black "Benedeczky, Lehel"]
[Result "1/2-1/2"]
[WhiteElo "2126"]
[BlackElo "2081"]
[PlyCount "35"]
[EventDate "2016.11.02"]
[EventType "team-swiss"]
[EventRounds "8"]
[EventCountry "HUN"]
[SourceTitle "CBM 175 Extra"]
[Source "ChessBase"]
[SourceDate "2016.12.12"]
[SourceVersion "1"]
[SourceVersionDate "2016.12.12"]
[SourceQuality "1"]

1. d4 d5 2. c4 e6 3. Nf3 c6 4. Qc2 dxc4 5. Qxc4 b5 6. Qc2 Bb7 7. a3 Nd7 8. Nc3 b4 9. axb4 Bxb4 10. g3 c5 11. dxc5 Nxc5 12. Bg2 Be4 13. Qd2 Nb3 14. Qf4 Nf6 15. Ra4 Bxc3+ 16. bxc3 Nxc1 17. Qxc1 0-0 18. 0-0 1/2-1/2

[Event "HUN-chT U18"]
[Site "Hajduboszormeny"]
[Date "2016.11.05"]
[Round "6.17"]
[White "Juhasz, Judit"]
[Black "Benedeczky, Lehel"]
[Result "0-1"]
[WhiteElo "1799"]
[BlackElo "2081"]
[PlyCount "84"]
[EventDate "2016.11.02"]
[EventType "team-swiss"]
[EventRounds "8"]
[EventCountry "HUN"]
[SourceTitle "CBM 175 Extra"]
[Source "ChessBase"]
[SourceDate "2016.12.12"]
[SourceVersion "1"]
[SourceVersionDate "2016.12.12"]
[SourceQuality "1"]

1. e4 c6 2. d4 d5 3. e5 Bf5 4. Nf3 e6 5. Be2 Nd7 6. 0-0 Ne7 7. Nh4 Bg6 8. Nd2 Nf5 9. Nxg6 hxg6 10. Nf3 Be7 11. g3 Qc7 12. Bf4 Nb6 13. Qd2 Rd8 14. a4 0-0 15. a5 Nc4 16. Qc3 c5 17. dxc5 Bxc5 18. Bxc4 dxc4 19. Ra4 Rc8 20. Kg2 Be7 21. Rfa1 Qc6 22. Kg1 b5 23. axb6 axb6 24. Nd2 b5 25. Ra6 Qd5 26. Qf3 g5 27. Be3 Rfd8 28. Ne4 Nxe3 29. fxe3 Qxe5 30. Ra7 Rc7 31. Rf1 Rf8 32. Ra8 f5 33. Rxf8+ Kxf8 34. g4 g6 35. Qg2 Kg7 36. gxf5 exf5 37. Ng3 Qxe3+ 38. Kh1 Qe5 39. h4 Rd7 40. hxg5 Rd4 41. Qh2 Qd5+ 42. Kg1 Bxg5 0-1

[Event "HUN-chT U18"]
[Site "Hajduboszormeny"]
[Date "2016.11.03"]
[Round "3.23"]
[White "Karacsonyi, Gellert"]
[Black "Benedeczky, Lehel"]
[Result "0-1"]
[WhiteElo "1961"]
[BlackElo "2135"]
[PlyCount "104"]
[EventDate "2016.11.02"]
[EventType "team-swiss"]
[EventRounds "8"]
[EventCountry "HUN"]
[SourceTitle "CBM 175 Extra"]
[Source "ChessBase"]
[SourceDate "2016.12.12"]
[SourceVersion "1"]
[SourceVersionDate "2016.12.12"]
[SourceQuality "1"]

1. e4 c6 2. d4 d5 3. exd5 cxd5 4. Bd3 Nc6 5. c3 Qc7 6. Ne2 Bg4 7. f3 Bd7 8. Bf4 e5 9. dxe5 Nxe5 10. 0-0 Bd6 11. Nd4 Ne7 12. Kh1 0-0 13. Bg3 a6 14. a4 Rae8 15. Qc2 f5 16. Nd2 Kh8 17. c4 Rc8 18. Rac1 Nxd3 19. Bxd6 Qxd6 20. Qxd3 Bxa4 21. c5 Qf6 22. f4 Nc6 23. N2f3 Rce8 24. Rfe1 Re4 25. Nxc6 Bxc6 26. Ng5 Rxe1+ 27. Rxe1 h6 28. Nf3 Qxb2 29. Ne5 Kh7 30. Nxc6 bxc6 31. Qxa6 Qc3 32. Rb1 Qxc5 33. h3 d4 34. Qd3 Qd5 35. Rb7 c5 36. Rc7 Qd6 37. Rc8 g6 38. Rxf8 Qxf8 39. Qa6 Qe7 40. Kh2 Qd7 41. Qd3 Kg7 42. Kh1 Qd5 43. Qa6 Qd7 44. Qd3 h5 45. Kg1 Qe7 46. Qc4 Qe3+ 47. Kh1 d3 48. Qa4 d2 49. Qd7+ Kh6 50. Qd6 Qd4 51. Qf8+ Qg7 52. Qd8 Qa1+ 0-1

[Event "HUN-chT2 Charousek 1516"]
[Site "Hungary"]
[Date "2015.10.18"]
[Round "1.11"]
[White "Laza, Szabolcs"]
[Black "Benedeczky, Lehel"]
[Result "1/2-1/2"]
[WhiteElo "2192"]
[BlackElo "2089"]
[PlyCount "99"]
[EventDate "2015.10.18"]
[EventType "team-tourn"]
[EventRounds "9"]
[EventCountry "HUN"]
[SourceTitle "CBM 170 Extra"]
[Source "ChessBase"]
[SourceDate "2016.02.25"]
[SourceVersion "1"]
[SourceVersionDate "2016.02.25"]
[SourceQuality "1"]
[WhiteTeam "Budapest MTK"]
[BlackTeam "Paks ASE II"]
[WhiteTeamCountry "HUN"]
[BlackTeamCountry "HUN"]

1. d4 d5 2. c4 c6 3. cxd5 cxd5 4. Nc3 Nf6 5. Bf4 Nc6 6. e3 Bf5 7. Nf3 e6 8. Qb3 Bb4 9. Bb5 Qa5 10. 0-0 0-0 11. Bxc6 bxc6 12. Bc7 Qxc7 13. Qxb4 Rab8 14. Qa3 Nd7 15. Rfc1 Rfc8 16. Na4 Qa5 17. b3 Rb4 18. Rc3 Nb6 19. Rc5 Rb5 20. Qc1 Nxa4 21. Rxc6 Rf8 22. bxa4 Qxa4 23. h3 h6 24. Ne5 Rb7 25. Rc8 Qb4 26. Rxf8+ Qxf8 27. Qc6 Qe7 28. Rc1 f6 29. Qc8+ Kh7 30. Nc6 Qd7 31. Qxd7 Rxd7 32. Rc5 Bd3 33. a3 Bc4 34. e4 Rb7 35. Nd8 Rb1+ 36. Kh2 Rb6 37. Nc6 Rb7 38. e5 Kg6 39. Na5 Rb2 40. Nxc4 dxc4 41. Rxc4 Rxf2 42. Rc6 Rd2 43. Rxe6 Rxd4 44. Ra6 Rd7 45. g4 Re7 46. Kg3 Rxe5 47. Rxa7 h5 48. Kf4 hxg4 49. hxg4 Rc5 50. Ra4 1/2-1/2

[Event "HUN-chT2 Charousek 1415"]
[Site "Hungary"]
[Date "2015.04.26"]
[Round "9"]
[White "Havanecz, Bianka"]
[Black "Benedeczky, Lehel"]
[Result "1-0"]
[WhiteElo "2207"]
[BlackElo "2104"]
[PlyCount "145"]
[EventDate "2014.10.12"]
[EventType "team-tourn"]
[EventRounds "9"]
[EventCountry "HUN"]
[SourceTitle "EXT 2016"]
[Source "ChessBase"]
[SourceDate "2015.10.08"]
[SourceVersion "1"]
[SourceVersionDate "2015.10.08"]
[SourceQuality "1"]
[WhiteTeam "Aquaprofit II"]
[BlackTeam "Paks ASE II"]
[WhiteTeamCountry "HUN"]
[BlackTeamCountry "HUN"]

1. d4 d5 2. c4 c6 3. Nf3 Nf6 4. e3 Bg4 5. Qb3 Qb6 6. Nc3 Bxf3 7. gxf3 e6 8. Bd3 Nbd7 9. Bd2 Bd6 10. Qxb6 axb6 11. cxd5 Nxd5 12. 0-0 0-0 13. Bc2 Nb4 14. Bb3 c5 15. Ne4 Be7 16. Bxb4 cxb4 17. Rfc1 Rfc8 18. f4 Nf6 19. f3 Nd5 20. Kf2 g6 21. Ke2 Rc6 22. Nf2 Bd6 23. Nd3 f6 24. h3 Kf7 25. Rc2 Rac8 26. Rac1 R8c7 27. Ne1 Rc8 28. Ba4 Rxc2+ 29. Rxc2 Rg8 30. Bb3 Ke7 31. Nd3 Kd7 32. Nf2 f5 33. Rc1 g5 34. Rg1 h6 35. h4 Be7 36. hxg5 hxg5 37. Nd3 Bf6 38. Bxd5 exd5 39. Nxb4 Kd6 40. fxg5 Rxg5 41. Rxg5 Bxg5 42. Kd3 Bh6 43. Nc2 Bg5 44. Ne1 Bh4 45. Ng2 Bg5 46. f4 Be7 47. Ne1 Ke6 48. Ke2 Bb4 49. Nd3 Be7 50. Kf3 Bf6 51. Kg3 Be7 52. a3 Bf6 53. Ne5 Bd8 54. Nf3 Be7 55. Ng5+ Kf6 56. Kf3 Bd6 57. Ke2 Be7 58. Kd3 Bd6 59. Kc3 Be7 60. Kb3 Bd8 61. Kb4 Ke7 62. Kb5 Kd7 63. b4 Bc7 64. Nf7 Ke6 65. Ne5 Bd8 66. a4 Bh4 67. Nd3 Bd8 68. a5 bxa5 69. Nc5+ Kf7 70. bxa5 Bh4 71. Nxb7 Bf2 72. a6 Bxe3 73. a7 1-0

[Event "HUN-chT2 Charousek 1314"]
[Site "Hungary"]
[Date "2014.04.13"]
[Round "10"]
[White "Benedeczky, Lehel"]
[Black "Kiraly, Ferenc1111"]
[Result "1-0"]
[WhiteElo "1995"]
[BlackElo "1789"]
[PlyCount "71"]
[EventDate "2013.09.08"]
[EventType "team-tourn"]
[EventRounds "11"]
[EventCountry "HUN"]
[SourceTitle "EXT 2016"]
[Source "ChessBase"]
[SourceDate "2015.10.08"]
[SourceVersion "1"]
[SourceVersionDate "2015.10.08"]
[SourceQuality "1"]
[WhiteTeam "Paks ASE II"]
[BlackTeam "Alsoszolnok"]
[WhiteTeamCountry "HUN"]
[BlackTeamCountry "HUN"]

1. d4 Nf6 2. c4 d5 3. cxd5 Qxd5 4. Nc3 Qd8 5. e4 e6 6. Be3 c6 7. Nf3 Bb4 8. Bd3 h6 9. h3 0-0 10. 0-0 Qe7 11. a3 Ba5 12. b4 Bc7 13. Bc2 Rd8 14. e5 Ne8 15. Ne4 f5 16. exf6 Nxf6 17. Qd3 Nbd7 18. Rae1 Nxe4 19. Qxe4 Nf6 20. Qd3 Qf7 21. Bc1 a5 22. Ne5 Bxe5 23. Rxe5 axb4 24. axb4 b6 25. Rfe1 Rd5 26. Rxd5 cxd5 27. Qg3 Kh8 28. Qd6 Qb7 29. Bf4 Bd7 30. Be5 Ng8 31. b5 Qc8 32. Bd3 Qd8 33. Re3 Nf6 34. Bxf6 gxf6 35. Rg3 f5 36. Qe5+ 1-0

[Event "HUN-chT2 Charousek 1314"]
[Site "Hungary"]
[Date "2013.09.08"]
[Round "1"]
[White "Benedeczky, Lehel"]
[Black "Toth, Jozsef2222"]
[Result "1/2-1/2"]
[WhiteElo "1995"]
[BlackElo "2187"]
[PlyCount "45"]
[EventDate "2013.09.08"]
[EventType "team-tourn"]
[EventRounds "11"]
[EventCountry "HUN"]
[SourceTitle "EXT 2016"]
[Source "ChessBase"]
[SourceDate "2015.10.08"]
[SourceVersion "1"]
[SourceVersionDate "2015.10.08"]
[SourceQuality "1"]
[WhiteTeam "Paks ASE II"]
[BlackTeam "Gyor Elektromos"]
[WhiteTeamCountry "HUN"]
[BlackTeamCountry "HUN"]

1. d4 d5 2. c4 c6 3. e3 Nf6 4. Nf3 Bg4 5. cxd5 Nxd5 6. Be2 Nd7 7. e4 N5b6 8. Nc3 g6 9. 0-0 Bg7 10. Be3 0-0 11. a4 Bxf3 12. gxf3 Nc8 13. Qb3 Qb6 14. Qa3 a5 15. Rfd1 Nd6 16. d5 c5 17. Nb5 Rac8 18. Rac1 Rfd8 19. Kg2 Nxb5 20. Bxb5 Qf6 21. Rc2 b6 22. Bxd7 Rxd7 23. Qd3 1/2-1/2

[Event "Balatonalmadi Pannonia Cup 18th"]
[Site "Balatonalmadi"]
[Date "2013.07.24"]
[Round "1"]
[White "Radnai, Adam"]
[Black "Benedeczky, Lehel"]
[Result "1/2-1/2"]
[WhiteElo "2327"]
[BlackElo "1969"]
[PlyCount "89"]
[EventDate "2013.07.24"]
[EventType "swiss"]
[EventRounds "7"]
[EventCountry "HUN"]
[SourceTitle "EXT 2016"]
[Source "ChessBase"]
[SourceDate "2015.10.08"]
[SourceVersion "1"]
[SourceVersionDate "2015.10.08"]
[SourceQuality "1"]

1. Nf3 c6 2. c4 Nf6 3. Nc3 d5 4. e3 e6 5. b3 Bd6 6. Bb2 Nbd7 7. d4 0-0 8. Bd3 dxc4 9. bxc4 e5 10. d5 Nc5 11. Bc2 Bg4 12. h3 Bh5 13. e4 Bg6 14. Qe2 Nh5 15. g3 Qa5 16. 0-0 Rae8 17. Rfd1 Qc7 18. Ne1 Nf6 19. Rd2 cxd5 20. cxd5 a6 21. Rc1 Nfd7 22. g4 Qd8 23. Ng2 b5 24. f3 Qe7 25. Ne3 Rb8 26. Bb1 Rfc8 27. Kg2 f6 28. Kh1 Nb6 29. h4 h6 30. Rg1 Kf7 31. Qg2 Nba4 32. Ne2 Nxb2 33. Rxb2 Na4 34. Rb3 Nc5 35. Rc3 Na4 36. Rc6 Rxc6 37. dxc6 Bc5 38. Nd5 Qd6 39. c7 Rc8 40. Rc1 Kf8 41. Ng3 Nb6 42. h5 Bh7 43. Rd1 Nxd5 44. Rxd5 Qxc7 45. Nf5 1/2-1/2

[Event "HUN-chT2 Charousek 1213"]
[Site "Hungary"]
[Date "2013.02.17"]
[Round "7"]
[White "Farkas, Richard"]
[Black "Benedeczky, Lehel"]
[Result "1-0"]
[WhiteElo "2117"]
[BlackElo "1944"]
[PlyCount "67"]
[EventDate "2012.09.16"]
[EventType "team-tourn"]
[EventRounds "11"]
[EventCountry "HUN"]
[SourceTitle "EXT 2014"]
[Source "ChessBase"]
[SourceDate "2013.11.20"]
[SourceVersion "1"]
[SourceVersionDate "2013.11.20"]
[SourceQuality "1"]
[WhiteTeam "Kobanya Aquarena"]
[BlackTeam "Paks II"]
[WhiteTeamCountry "HUN"]
[BlackTeamCountry "HUN"]

1. e4 c6 2. Ne2 d5 3. e5 Bg4 4. d4 e6 5. f3 Bf5 6. Ng3 Bg6 7. c3 Nd7 8. Bd3 Ne7 9. 0-0 Qb6 10. f4 Bxd3 11. Qxd3 h5 12. f5 0-0-0 13. fxe6 fxe6 14. Kh1 Re8 15. Nd2 g5 16. Nf3 h4 17. Ne2 Bh6 18. Nxg5 Bxg5 19. Bxg5 Nf5 20. b4 Reg8 21. Bd2 Qd8 22. Nf4 Qe7 23. b5 c5 24. Nxd5 Ng3+ 25. Qxg3 Qh7 26. Qf3 exd5 27. Qxd5 h3 28. g3 Qd3 29. Bf4 Nb6 30. Qf3 Qxb5 31. d5 Rd8 32. d6 Qc4 33. a4 Nxa4 34. e6 1-0

[Event "HUN-chT2 Charousek 1213"]
[Site "Hungary"]
[Date "2012.12.02"]
[Round "5"]
[White "Benedeczky, Lehel"]
[Black "Piroska, Istvan"]
[Result "0-1"]
[WhiteElo "1944"]
[BlackElo "2137"]
[PlyCount "76"]
[EventDate "2012.09.16"]
[EventType "team-tourn"]
[EventRounds "11"]
[EventCountry "HUN"]
[SourceTitle "EXT 2014"]
[Source "ChessBase"]
[SourceDate "2013.11.20"]
[SourceVersion "1"]
[SourceVersionDate "2013.11.20"]
[SourceQuality "1"]
[WhiteTeam "Paks II"]
[BlackTeam "Penzugyor II"]
[WhiteTeamCountry "HUN"]
[BlackTeamCountry "HUN"]

1. d4 d5 2. c4 e6 3. Nc3 Nf6 4. cxd5 exd5 5. Bg5 Be7 6. e3 c6 7. Bd3 Nbd7 8. Qc2 0-0 9. Nf3 Re8 10. h3 Nf8 11. Bf4 Bd6 12. Bxd6 Qxd6 13. 0-0-0 Be6 14. Kb1 a5 15. Rc1 Rac8 16. g4 b5 17. Ne2 Ne4 18. Nc3 b4 19. Na4 Nd7 20. Nc5 Nb6 21. Nxe6 Qxe6 22. Bxe4 dxe4 23. Nd2 a4 24. Qc5 Nd5 25. Nc4 Rb8 26. Ne5 Rec8 27. h4 a3 28. b3 Nc3+ 29. Ka1 Rb5 30. Qc4 Qf6 31. Rhf1 Rxe5 32. Qxb4 Ne2 33. Rc2 c5 34. Qc4 Ree8 35. g5 Qd6 36. Rxe2 cxd4 37. Qxd4 Qa6 38. Rfe1 Qxe2 0-1

[Event "HUN-chT2 Charousek 1213"]
[Site "Hungary"]
[Date "2012.11.18"]
[Round "4"]
[White "Morvay, Jeno"]
[Black "Benedeczky, Lehel"]
[Result "1/2-1/2"]
[WhiteElo "2086"]
[BlackElo "1944"]
[PlyCount "58"]
[EventDate "2012.09.16"]
[EventType "team-tourn"]
[EventRounds "11"]
[EventCountry "HUN"]
[SourceTitle "EXT 2014"]
[Source "ChessBase"]
[SourceDate "2013.11.20"]
[SourceVersion "1"]
[SourceVersionDate "2013.11.20"]
[SourceQuality "1"]
[WhiteTeam "MLTC II"]
[BlackTeam "Paks II"]
[WhiteTeamCountry "HUN"]
[BlackTeamCountry "HUN"]

1. c4 g6 2. Nc3 Bg7 3. g3 Nf6 4. Bg2 0-0 5. d3 c6 6. Nf3 d5 7. cxd5 cxd5 8. 0-0 Nc6 9. Bg5 e5 10. Qc1 Be6 11. Rd1 Qd7 12. d4 e4 13. Ne5 Qd6 14. Nxc6 Qxc6 15. Qd2 Qd7 16. Rdc1 Ne8 17. Bh6 Nd6 18. Bxg7 Kxg7 19. b3 Rac8 20. Na4 b6 21. Rxc8 Rxc8 22. Rc1 Bh3 23. Bh1 Nb5 24. e3 Rc6 25. Bg2 Bxg2 26. Kxg2 Qc8 27. Rxc6 Qxc6 28. Nb2 Qc3 29. Qe2 Na3 1/2-1/2

[Event "HUN-chT2 Charousek 1213"]
[Site "Hungary"]
[Date "2012.11.04"]
[Round "3"]
[White "Fur, Katinka"]
[Black "Benedeczky, Lehel"]
[Result "0-1"]
[WhiteElo "2038"]
[BlackElo "1944"]
[PlyCount "82"]
[EventDate "2012.09.16"]
[EventType "team-tourn"]
[EventRounds "11"]
[EventCountry "HUN"]
[SourceTitle "EXT 2014"]
[Source "ChessBase"]
[SourceDate "2013.11.20"]
[SourceVersion "1"]
[SourceVersionDate "2013.11.20"]
[SourceQuality "1"]
[WhiteTeam "Balatonfuered"]
[BlackTeam "Paks II"]
[WhiteTeamCountry "HUN"]
[BlackTeamCountry "HUN"]

1. d4 d5 2. Nf3 Nf6 3. c4 c6 4. Nc3 dxc4 5. a4 Qa5 6. Bd2 e6 7. e3 Bb4 8. Bxc4 0-0 9. 0-0 Nbd7 10. Re1 e5 11. Na2 Bxd2 12. Qxd2 Qxd2 13. Nxd2 exd4 14. exd4 Nb6 15. Bb3 Rd8 16. a5 Nbd5 17. h3 Be6 18. Nf3 Nf4 19. Bxe6 Nxe6 20. Red1 Rd7 21. Rd2 Rad8 22. Rad1 Ne4 23. Rd3 N4c5 24. Rc3 g6 25. b4 Na4 26. Ra3 Nb2 27. Rb1 Nc4 28. Rc3 Nd6 29. Ne5 Re7 30. Kf1 Nb5 31. Rd3 Rxd4 32. Rxd4 Nexd4 33. Nd3 Re2 34. Nac1 Rc2 35. Nc5 Nc3 36. Ra1 b6 37. axb6 axb6 38. Nd7 Rd2 39. g4 Ne4 40. f4 Rf2+ 41. Kg1 Nf3+ 0-1

[Event "HUN-chT2 Charousek 1112"]
[Site "Hungary"]
[Date "2011.11.27"]
[Round "4"]
[White "Benedeczky, Lehel"]
[Black "Vargyas, Zoltan"]
[Result "1/2-1/2"]
[WhiteElo "1892"]
[BlackElo "2102"]
[PlyCount "109"]
[EventDate "2011.09.25"]
[EventType "team-tourn"]
[EventRounds "11"]
[EventCountry "HUN"]
[SourceTitle "EXT 2013"]
[Source "ChessBase"]
[SourceDate "2012.11.22"]
[SourceVersion "1"]
[SourceVersionDate "2012.11.22"]
[SourceQuality "1"]
[WhiteTeam "Paks II"]
[BlackTeam "Balatonfuered"]
[WhiteTeamCountry "HUN"]
[BlackTeamCountry "HUN"]

1. d4 Nf6 2. c4 e6 3. Nf3 b6 4. g3 Ba6 5. b3 d5 6. Bg2 dxc4 7. Ne5 Bb4+ 8. Bd2 cxb3 9. axb3 Bxd2+ 10. Qxd2 Nd5 11. Nc3 Bb7 12. 0-0 0-0 13. Ne4 Nd7 14. Nxd7 Qxd7 15. Rfc1 a5 16. Nc3 Rac8 17. Nxd5 Bxd5 18. Bxd5 Qxd5 19. b4 axb4 20. Qxb4 e5 21. e3 h5 22. Qc4 Rfd8 23. Ra7 exd4 24. exd4 c6 25. Rb7 b5 26. Qc5 h4 27. Qxd5 Rxd5 28. Kg2 Kh7 29. Kf3 Kg6 30. Rb6 hxg3 31. hxg3 Rxd4 32. Rcxc6+ Rxc6 33. Rxc6+ f6 34. Rb6 Rd5 35. Rb7 Kh6 36. Ke4 Re5+ 37. Kf4 g5+ 38. Kg4 Kg6 39. Rb6 Re4+ 40. f4 b4 41. Kf3 Rc4 42. fxg5 Kxg5 43. Kg2 f5 44. Kh3 Rd4 45. Kg2 Rd2+ 46. Kh3 Rb2 47. Rb8 Kf6 48. Rb5 Ke6 49. Kh4 Kf6 50. Kh3 b3 51. g4 fxg4+ 52. Kxg4 Ke6 53. Kf3 Kd6 54. Ke3 Kc6 55. Rb8 1/2-1/2

[Event "HUN-chT2 Charousek 1112"]
[Site "Hungary"]
[Date "2011.09.25"]
[Round "1"]
[White "Benedeczky, Lehel"]
[Black "Piroska, Istvan"]
[Result "0-1"]
[WhiteElo "1892"]
[BlackElo "2129"]
[PlyCount "90"]
[EventDate "2011.09.25"]
[EventType "team-tourn"]
[EventRounds "11"]
[EventCountry "HUN"]
[SourceTitle "EXT 2013"]
[Source "ChessBase"]
[SourceDate "2012.11.22"]
[SourceVersion "1"]
[SourceVersionDate "2012.11.22"]
[SourceQuality "1"]
[WhiteTeam "Paks II"]
[BlackTeam "Penzugyor II"]
[WhiteTeamCountry "HUN"]
[BlackTeamCountry "HUN"]

1. d4 d5 2. c4 e6 3. Nc3 Nf6 4. cxd5 exd5 5. Bg5 c6 6. Qc2 Be7 7. e3 0-0 8. Bd3 Nbd7 9. Nf3 Re8 10. h3 Nf8 11. Bf4 Bd6 12. Bxd6 Qxd6 13. 0-0-0 Be6 14. Kb1 b5 15. Rc1 a5 16. g4 a4 17. Ne2 Ne4 18. Nf4 b4 19. Nxe6 b3 20. Qxc6 Qxc6 21. Rxc6 Nxf2 22. Rf1 Nxd3 23. Nxf8 bxa2+ 24. Ka1 Kxf8 25. Ne5 Nxe5 26. dxe5 Rxe5 27. Rc7 f6 28. Rd1 Rd8 29. Rd3 h5 30. gxh5 Rxh5 31. e4 Re5 32. exd5 Rexd5 33. Rg3 R8d7 34. Rcc3 Rd2 35. Kxa2 Rb7 36. Ka3 Rdxb2 37. Rgd3 R2b3+ 38. Kxa4 Rxc3 39. Rxc3 Kf7 40. Rc4 Kg6 41. Rg4+ Kh5 42. Ka5 g5 43. Rc4 f5 44. Rc5 f4 45. Rf5 Rb3 0-1

[Event "HUN-chT2 Charousek 1011"]
[Site "Hungary"]
[Date "2011.05.15"]
[Round "11"]
[White "Babos, Zsolt"]
[Black "Benedeczky, Lehel"]
[Result "1-0"]
[WhiteElo "1943"]
[BlackElo "1861"]
[PlyCount "79"]
[EventDate "2010.09.12"]
[EventType "team-tourn"]
[EventRounds "11"]
[EventCountry "HUN"]
[SourceTitle "EXT 2012"]
[Source "ChessBase"]
[SourceDate "2011.11.24"]
[SourceVersion "1"]
[SourceVersionDate "2011.11.24"]
[SourceQuality "1"]
[WhiteTeam "Haladas II"]
[BlackTeam "Paks II"]
[WhiteTeamCountry "HUN"]
[BlackTeamCountry "HUN"]

1. d4 d5 2. c4 c6 3. Nf3 Nf6 4. Qc2 Bg4 5. e3 e6 6. Be2 Nbd7 7. 0-0 Bd6 8. Nc3 0-0 9. e4 dxe4 10. Nxe4 Nxe4 11. Qxe4 Nf6 12. Qc2 Qc7 13. h3 Bh5 14. Be3 Rac8 15. a3 c5 16. dxc5 Bxc5 17. Bxc5 Qxc5 18. b4 Qc7 19. Rac1 Rfd8 20. Rfd1 h6 21. Rxd8+ Rxd8 22. Rd1 Bg6 23. Bd3 Bxd3 24. Rxd3 Rd7 25. Rxd7 Nxd7 26. Qe4 Nf6 27. Qd4 a6 28. Ne5 Kf8 29. a4 Ke7 30. b5 Nd7 31. Nxd7 Qxd7 32. Qc5+ Qd6 33. Qa7 Qd1+ 34. Kh2 Qxa4 35. Qxb7+ Kf6 36. bxa6 Qxc4 37. Qb2+ Ke7 38. Qa3+ Kd7 39. a7 Qf4+ 40. Kg1 1-0

[Event "HUN-chT2 Charousek 1011"]
[Site "Hungary"]
[Date "2010.11.21"]
[Round "6"]
[White "Antal, Agnes"]
[Black "Benedeczky, Lehel"]
[Result "0-1"]
[WhiteElo "2033"]
[BlackElo "1861"]
[PlyCount "130"]
[EventDate "2010.09.12"]
[EventType "team-tourn"]
[EventRounds "11"]
[EventCountry "HUN"]
[SourceTitle "EXT 2012"]
[Source "ChessBase"]
[SourceDate "2011.11.24"]
[SourceVersion "1"]
[SourceVersionDate "2011.11.24"]
[SourceQuality "1"]
[WhiteTeam "BEAC"]
[BlackTeam "Paks II"]
[WhiteTeamCountry "HUN"]
[BlackTeamCountry "HUN"]

1. e4 c5 2. Nc3 d6 3. g3 Nf6 4. Bg2 g6 5. d3 Bg7 6. f4 0-0 7. Nf3 Nc6 8. 0-0 Bd7 9. h3 Rb8 10. Kh2 b5 11. a3 a5 12. Be3 b4 13. axb4 axb4 14. Ne2 Ra8 15. Rxa8 Qxa8 16. e5 Nd5 17. Bg1 Be6 18. d4 c4 19. Ng5 Qa6 20. g4 Qb5 21. f5 Bd7 22. e6 fxe6 23. Nxe6 Bxe6 24. fxe6 Nd8 25. Rxf8+ Bxf8 26. Bxd5 Qxd5 27. Nf4 Qe4 28. Ne2 Nxe6 29. Ng3 Qd5 30. Qd2 Bg7 31. c3 bxc3 32. bxc3 Ng5 33. Qg2 Qxg2+ 34. Kxg2 d5 35. Be3 Nf7 36. Ne2 e6 37. Kf3 Nd6 38. Ng3 Kf7 39. h4 e5 40. h5 Nb5 41. Ne2 exd4 42. cxd4 gxh5 43. gxh5 c3 44. Kf2 c2 45. Ke1 Bxd4 46. Nxd4 Nxd4 47. Kd2 Nf5 48. Bf2 Ng7 49. Kxc2 Nxh5 50. Kd3 Ke6 51. Kd4 Nf6 52. Bh4 h5 53. Ke3 Ke5 54. Kf3 Ne8 55. Be1 Ng7 56. Kg3 Nf5+ 57. Kf3 d4 58. Bd2 d3 59. Bc3+ Kd5 60. Kf4 h4 61. Kg4 Ke4 62. Bd2 Kd4 63. Bf4 Kc3 64. Kxf5 h3 65. Kg4 h2 0-1

[Event "HUN-chT U18"]
[Site "Miskolc"]
[Date "2010.11.05"]
[Round "7.13"]
[White "Benedeczky, Lehel"]
[Black "Csati, Oliver"]
[Result "0-1"]
[WhiteElo "1862"]
[BlackElo "1595"]
[PlyCount "74"]
[EventDate "2010.11.02"]
[EventType "team-swiss"]
[EventRounds "8"]
[EventCountry "HUN"]
[SourceTitle "EXT 2016"]
[Source "ChessBase"]
[SourceDate "2015.10.08"]
[SourceVersion "1"]
[SourceVersionDate "2015.10.08"]
[SourceQuality "1"]

1. d4 d5 2. c4 e6 3. Nc3 Nf6 4. cxd5 Nxd5 5. e4 Nxc3 6. bxc3 Be7 7. Nf3 0-0 8. Bd3 b6 9. 0-0 Bb7 10. Qc2 h6 11. Bb2 Nd7 12. Nd2 c5 13. Rae1 Rc8 14. Qb1 cxd4 15. cxd4 Bb4 16. Re2 Bc3 17. Ba3 Re8 18. Nc4 Bxd4 19. Nd6 Be5 20. Nxe8 Qxe8 21. Bb5 Bc6 22. Bxc6 Rxc6 23. Qb5 Qc8 24. Rd2 Bf6 25. Rfd1 Ne5 26. h3 a6 27. Qe2 Kh7 28. Rd6 Rc2 29. R1d2 Rc7 30. Rd1 Be7 31. R6d3 Nxd3 32. Qxd3 Rc3 33. Bxe7 Rxd3 34. Rxd3 Qc1+ 35. Kh2 Qf4+ 36. Kg1 Qxe4 37. Rf3 f5 0-1